Reprezentacja Polski prawda czy fałsz? - Statystyki

Ogólne statystyki
  • Ten quiz został rozwiązany 337 razy
    103 od ostatniego zresetowania
  • Średni wynik to 9 z 15
Statystyki odpowiedzi
Zagadnienie Odpowiedź % Poprawnych
W reprezentacji Polski nigdy nie zagrał piłkarz Czarnoskóry. Fałsz
95%
Reprezentacja Polski grała w finale Mistrzostw Świata. Fałsz
84%
Ostatnim trenerem który trenował reprezentację przez chociaż rok był Michał Probierz. Prawda
83%
Zbigniew Boniek był selekcjonerem reprezentacji. Prawda
80%
Nigdy nie powołano zawodnika występującego na drugim poziomie rozgrywkowym w Polsce lub niżej. Fałsz
74%
Czy zdarzyła się sytuacja w której selekcjoner nie powołał nikogo kto w momencie powołania występował w klubie grającym w Ekstraklasie. Prawda
67%
Wojciech Szczęsny jest bramkarzem który rozegrał najwięcej meczów dla reprezentacji Polski. Prawda
67%
Robert Lewandowski zagrał w reprezentacji ponad 150 meczów. Prawda
62%
Reprezentacja Polski zdobyła złoty medal na igrzyskach olimpijskich. Prawda
57%
Reprezentacja wygrała choć raz mecz z reprezentacją Senegalu Fałsz
55%
Rafał Gikiewicz nigdy nie został powołany. Fałsz
52%
Lewandowski był kapitanem na wszystkich meczach Euro od 2016 roku. Fałsz
51%
Najwyższa Wygraną w historii miała miejsce 1 kwietnia. Prawda
48%
Waldemar Fornalik wymyślił pojęcie "Farbowany Lis". Fałsz
42%
Reprezentacje Polski trenował kiedyś Anglik. Prawda
25%
Nie znaleziono quizów pasujących do podanych kryteriów
Rozkład punktacji
Procent ludzi z każdym wynikiem
Percentyl według liczby udzielonych odpowiedzi
Twoja historia wyników
Nie rozwiązałeś tego quizu od ostatniego zresetowania